[Event "April 9 Late 2024"]
[Site "Chess.com"]
[Date "2024.04.09"]
[Round "11"]
[White "Ferriz Barrios, Andres"]
[Black "Valtiner, Adamo"]
[Result "1-0"]
[Board "91"]
[WhiteFideId "5104467"]
[BlackFideId "1647962"]
[WhiteTitle "FM"]
[BlackTitle "CM"]
[WhiteElo "2327"]
[BlackElo "2220"]
[WhiteTeam "MEX"]
[BlackTeam "AUT"]
[WhiteClock "0:00:52"]
[BlackClock "0:00:20"]
[Variant "Standard"]

1. d4 {[%clk 0:03:00]}  Nf6 {[%clk 0:02:58]} 2. Nf3 {[%clk 0:03:00]}  d6 {[%clk 0:02:57]} 3. Nc3 {[%clk 0:03:00]}  g6 {[%clk 0:02:57]} 4. Bf4 {[%clk 0:03:00]}  Bg7 {[%clk 0:02:56]} 5. Qd2 {[%clk 0:03:00]}  h6 {[%clk 0:02:54]} 6. O-O-O {[%clk 0:02:59]}  g5 {[%clk 0:02:54]} 7. Bg3 {[%clk 0:02:58]}  Nc6 {[%clk 0:02:54]} 8. e4 {[%clk 0:02:58]}  Bd7 {[%clk 0:02:51]} 9. e5 {[%clk 0:02:57]}  Nh5 {[%clk 0:02:49]} 10. d5 {[%clk 0:02:53]}  Nxg3 {[%clk 0:02:44]} 11. dxc6 {[%clk 0:02:37]}  Nxh1 {[%clk 0:02:41]} 12. cxd7+ {[%clk 0:02:38]}  Qxd7 {[%clk 0:02:41]} 13. exd6 {[%clk 0:02:35]}  exd6 {[%clk 0:02:36]} 14. Bb5 {[%clk 0:02:30]}  c6 {[%clk 0:02:35]} 15. Ba4 {[%clk 0:02:25]}  Nxf2 {[%clk 0:02:32]} 16. Qxf2 {[%clk 0:02:25]}  O-O-O {[%clk 0:02:32]} 17. Qxa7 {[%clk 0:02:23]}  Qc7 {[%clk 0:02:25]} 18. Ne4 {[%clk 0:02:10]}  Rhe8 {[%clk 0:02:22]} 19. Qa8+ {[%clk 0:02:09]}  Qb8 {[%clk 0:02:20]} 20. Nxd6+ {[%clk 0:02:06]}  Rxd6 {[%clk 0:02:17]} 21. Qxb8+ {[%clk 0:02:06]}  Kxb8 {[%clk 0:02:17]} 22. Rxd6 {[%clk 0:02:07]}  Re2 {[%clk 0:02:13]} 23. Rd2 {[%clk 0:02:05]}  Re4 {[%clk 0:02:10]} 24. Bb3 {[%clk 0:02:04]}  f5 {[%clk 0:02:10]} 25. c3 {[%clk 0:02:03]}  g4 {[%clk 0:02:07]} 26. Nd4 {[%clk 0:01:57]}  Bf6 {[%clk 0:02:05]} 27. Re2 {[%clk 0:01:40]}  Rf4 {[%clk 0:01:42]} 28. g3 {[%clk 0:01:37]}  Rf1+ {[%clk 0:01:40]} 29. Kd2 {[%clk 0:01:37]}  Bg5+ {[%clk 0:01:41]} 30. Kd3 {[%clk 0:01:37]}  f4 {[%clk 0:01:33]} 31. gxf4 {[%clk 0:01:36]}  Bxf4 {[%clk 0:01:32]} 32. Rg2 {[%clk 0:01:36]}  h5 {[%clk 0:01:31]} 33. Ne6 {[%clk 0:01:34]}  Bd6 {[%clk 0:01:22]} 34. Ng7 {[%clk 0:01:32]}  Rf3+ {[%clk 0:01:16]} 35. Ke4 {[%clk 0:01:27]}  Rh3 {[%clk 0:01:17]} 36. Kf5 {[%clk 0:01:25]}  Bxh2 {[%clk 0:01:16]} 37. Bf7 {[%clk 0:01:19]}  Rf3+ {[%clk 0:01:04]} 38. Kg6 {[%clk 0:01:19]}  g3 {[%clk 0:00:45]} 39. Nxh5 {[%clk 0:01:12]}  b5 {[%clk 0:00:45]} 40. Be6 {[%clk 0:01:06]}  Kc7 {[%clk 0:00:35]} 41. Bh3 {[%clk 0:01:05]}  Kb6 {[%clk 0:00:32]} 42. Kg5 {[%clk 0:01:05]}  Kc5 {[%clk 0:00:32]} 43. Kg4 {[%clk 0:01:06]}  Re3 {[%clk 0:00:31]} 44. Nxg3 {[%clk 0:01:04]}  Bxg3 {[%clk 0:00:30]} 45. Rxg3 {[%clk 0:01:05]}  Re2 {[%clk 0:00:29]} 46. Rg2 {[%clk 0:01:05]}  Re1 {[%clk 0:00:28]} 47. Rf2 {[%clk 0:01:03]}  Kc4 {[%clk 0:00:24]} 48. Bf1+ {[%clk 0:01:02]}  Kc5 {[%clk 0:00:24]} 49. b4+ {[%clk 0:01:01]}  Kb6 {[%clk 0:00:24]} 50. Bg2 {[%clk 0:00:56]}  Re3 {[%clk 0:00:21]} 51. Rc2 {[%clk 0:00:55]}  c5 {[%clk 0:00:21]} 52. a3 {[%clk 0:00:54]}  cxb4 {[%clk 0:00:22]} 53. axb4 {[%clk 0:00:55]}  Kc7 {[%clk 0:00:20]} 54. Kf4 {[%clk 0:00:55]}  Re1 {[%clk 0:00:20]} 55. Be4 {[%clk 0:00:55]}  Kd6 {[%clk 0:00:20]} 56. Bf3 {[%clk 0:00:54]}  Kc7 {[%clk 0:00:20]} 57. Re2 {[%clk 0:00:53]}  Rc1 {[%clk 0:00:20]} 58. Re3 {[%clk 0:00:52]}  Kd6 {[%clk 0:00:20]} 59. Ke4 {[%clk 0:00:52]}  Kc7 {[%clk 0:00:21]} 60. Kd4 {[%clk 0:00:53]}  Kb6 {[%clk 0:00:21]} 61. Re6+ {[%clk 0:00:52]}  Kc7 {[%clk 0:00:22]} 62. Rc6+ {[%clk 0:00:52]}  Kd7 {[%clk 0:00:22]} 63. Rc5 {[%clk 0:00:52]}  Rd1+ {[%clk 0:00:20]} 64. Bxd1 {[%clk 0:00:52]} 1-0

[Event "April 9 Late 2024"]
[Site "Chess.com"]
[Date "2024.04.09"]
[Round "11"]
[White "Pranav Sairam"]
[Black "Sena, Juan"]
[Result "0-1"]
[Board "93"]
[WhiteFideId "30951330"]
[BlackFideId "6400272"]
[WhiteElo "2311"]
[BlackElo "2200"]
[WhiteTeam "USA"]
[BlackTeam "DOM"]
[WhiteClock "0:00:01"]
[BlackClock "0:00:31"]
[Variant "Standard"]

1. e4 {[%clk 0:03:00]}  c5 {[%clk 0:02:59]} 2. Nf3 {[%clk 0:02:58]}  d6 {[%clk 0:02:59]} 3. d4 {[%clk 0:02:55]}  cxd4 {[%clk 0:02:59]} 4. Nxd4 {[%clk 0:02:56]}  Nf6 {[%clk 0:02:59]} 5. Nc3 {[%clk 0:02:57]}  a6 {[%clk 0:03:00]} 6. Be2 {[%clk 0:02:56]}  e5 {[%clk 0:02:58]} 7. Nb3 {[%clk 0:02:56]}  Be7 {[%clk 0:02:56]} 8. O-O {[%clk 0:02:56]}  O-O {[%clk 0:02:55]} 9. Be3 {[%clk 0:02:56]}  b5 {[%clk 0:02:53]} 10. f3 {[%clk 0:02:51]}  Be6 {[%clk 0:02:45]} 11. a4 {[%clk 0:02:49]}  bxa4 {[%clk 0:02:36]} 12. Rxa4 {[%clk 0:02:45]}  d5 {[%clk 0:02:31]} 13. exd5 {[%clk 0:02:34]}  Nxd5 {[%clk 0:02:32]} 14. Nxd5 {[%clk 0:02:34]}  Bxd5 {[%clk 0:02:29]} 15. c4 {[%clk 0:02:18]}  Bc6 {[%clk 0:02:25]} 16. Ra5 {[%clk 0:02:15]}  Nd7 {[%clk 0:02:17]} 17. c5 {[%clk 0:02:04]}  Qc7 {[%clk 0:02:01]} 18. Rxa6 {[%clk 0:01:59]}  Rxa6 {[%clk 0:01:55]} 19. Bxa6 {[%clk 0:01:58]}  Ba4 {[%clk 0:01:49]} 20. Bc4 {[%clk 0:01:08]}  Nxc5 {[%clk 0:01:43]} 21. Qd5 {[%clk 0:01:06]}  Ne6 {[%clk 0:01:28]} 22. Ra1 {[%clk 0:00:51]}  Rd8 {[%clk 0:01:20]} 23. Qe4 {[%clk 0:00:46]}  Bc6 {[%clk 0:01:03]} 24. Qg4 {[%clk 0:00:45]}  Nd4 {[%clk 0:00:47]} 25. Nxd4 {[%clk 0:00:18]}  exd4 {[%clk 0:00:47]} 26. Bxd4 {[%clk 0:00:16]}  Bf8 {[%clk 0:00:39]} 27. Bc3 {[%clk 0:00:14]}  Bd7 {[%clk 0:00:36]} 28. Qd4 {[%clk 0:00:11]}  Be6 {[%clk 0:00:33]} 29. Ra7 {[%clk 0:00:02]}  Rxd4 {[%clk 0:00:30]} 30. Rxc7 {[%clk 0:00:01]}  Rxc4 {[%clk 0:00:31]} 0-1

[Event "April 9 Late 2024"]
[Site "Chess.com"]
[Date "2024.04.09"]
[Round "11"]
[White "Winkels, Marcel"]
[Black "Cardozo Munar, Carlos Eduardo"]
[Result "0-1"]
[Board "100"]
[WhiteFideId "1003887"]
[BlackFideId "4409477"]
[WhiteTitle "CM"]
[BlackTitle "FM"]
[WhiteElo "2063"]
[BlackElo "2231"]
[WhiteTeam "NED"]
[BlackTeam "COL"]
[WhiteClock "0:00:00"]
[BlackClock "0:00:19"]
[Variant "Standard"]

1. e4 {[%clk 0:03:00]}  e6 {[%clk 0:02:44]} 2. d4 {[%clk 0:02:59]}  d5 {[%clk 0:02:44]} 3. Nc3 {[%clk 0:03:00]}  Nf6 {[%clk 0:02:44]} 4. Bg5 {[%clk 0:02:58]}  Be7 {[%clk 0:02:45]} 5. e5 {[%clk 0:02:57]}  Nfd7 {[%clk 0:02:45]} 6. h4 {[%clk 0:02:57]}  Bxg5 {[%clk 0:02:45]} 7. hxg5 {[%clk 0:02:57]}  Qxg5 {[%clk 0:02:46]} 8. Nh3 {[%clk 0:02:54]}  Qh4 {[%clk 0:02:47]} 9. Qd2 {[%clk 0:02:46]}  Nc6 {[%clk 0:02:45]} 10. O-O-O {[%clk 0:02:42]}  Nb6 {[%clk 0:02:44]} 11. g3 {[%clk 0:02:38]}  Qe7 {[%clk 0:02:44]} 12. Nf4 {[%clk 0:02:37]}  g6 {[%clk 0:02:40]} 13. Rh6 {[%clk 0:02:35]}  Bd7 {[%clk 0:02:39]} 14. Be2 {[%clk 0:02:30]}  O-O-O {[%clk 0:02:35]} 15. Rdh1 {[%clk 0:02:30]}  f6 {[%clk 0:02:35]} 16. Nxg6 {[%clk 0:02:25]}  hxg6 {[%clk 0:02:20]} 17. Rxh8 {[%clk 0:02:24]}  fxe5 {[%clk 0:02:19]} 18. Rxd8+ {[%clk 0:02:21]}  Nxd8 {[%clk 0:02:19]} 19. dxe5 {[%clk 0:02:19]}  a6 {[%clk 0:02:16]} 20. f4 {[%clk 0:02:03]}  Nc6 {[%clk 0:02:14]} 21. Bd3 {[%clk 0:02:01]}  g5 {[%clk 0:02:10]} 22. Qh2 {[%clk 0:01:58]}  Kb8 {[%clk 0:02:08]} 23. Qh8+ {[%clk 0:01:54]}  Ka7 {[%clk 0:02:07]} 24. Qf6 {[%clk 0:01:54]}  Qc5 {[%clk 0:02:03]} 25. Qxg5 {[%clk 0:01:43]}  Qe3+ {[%clk 0:02:00]} 26. Kb1 {[%clk 0:01:42]}  Nb4 {[%clk 0:02:01]} 27. Bg6 {[%clk 0:01:32]}  d4 {[%clk 0:01:58]} 28. Nd1 {[%clk 0:01:19]}  Qf3 {[%clk 0:01:57]} 29. Qh5 {[%clk 0:00:51]}  Qxg3 {[%clk 0:01:57]} 30. f5 {[%clk 0:00:37]}  Qxe5 {[%clk 0:01:41]} 31. fxe6 {[%clk 0:00:31]}  Qxe6 {[%clk 0:01:42]} 32. Bf7 {[%clk 0:00:28]}  Qf5 {[%clk 0:01:29]} 33. Bb3 {[%clk 0:00:23]}  d3 {[%clk 0:01:09]} 34. Qxf5 {[%clk 0:00:19]}  Bxf5 {[%clk 0:01:09]} 35. cxd3 {[%clk 0:00:19]}  Bxd3+ {[%clk 0:01:09]} 36. Kc1 {[%clk 0:00:17]}  Nd7 {[%clk 0:00:57]} 37. Nc3 {[%clk 0:00:16]}  Nc5 {[%clk 0:00:55]} 38. Bf7 {[%clk 0:00:14]}  Nc6 {[%clk 0:00:43]} 39. Rd1 {[%clk 0:00:12]}  a5 {[%clk 0:00:40]} 40. a3 {[%clk 0:00:10]}  Ne5 {[%clk 0:00:33]} 41. Bg8 {[%clk 0:00:08]}  c6 {[%clk 0:00:26]} 42. b4 {[%clk 0:00:07]}  axb4 {[%clk 0:00:26]} 43. axb4 {[%clk 0:00:07]}  Ncd7 {[%clk 0:00:24]} 44. Kb2 {[%clk 0:00:03]}  Kb6 {[%clk 0:00:23]} 45. Be6 {[%clk 0:00:00]}  Nf6 {[%clk 0:00:19]} 0-1

[Event "April 9 Late 2024"]
[Site "Chess.com"]
[Date "2024.04.09"]
[Round "11"]
[White "Rose, Felix"]
[Black "Saim, Mohamed Ilias"]
[Result "1-0"]
[Board "101"]
[WhiteFideId "5105722"]
[BlackFideId "7900465"]
[WhiteTitle "CM"]
[BlackTitle "FM"]
[WhiteElo "2266"]
[BlackElo "2051"]
[WhiteTeam "MEX"]
[BlackTeam "ALG"]
[WhiteClock "0:00:53"]
[BlackClock "0:00:00"]
[Variant "Standard"]

1. e4 {[%clk 0:02:52]}  c5 {[%clk 0:02:58]} 2. Nf3 {[%clk 0:02:53]}  a6 {[%clk 0:02:58]} 3. c4 {[%clk 0:02:52]}  Nc6 {[%clk 0:02:57]} 4. d4 {[%clk 0:02:50]}  cxd4 {[%clk 0:02:58]} 5. Nxd4 {[%clk 0:02:51]}  e5 {[%clk 0:02:57]} 6. Nf5 {[%clk 0:02:48]}  d5 {[%clk 0:02:57]} 7. cxd5 {[%clk 0:02:43]}  Bxf5 {[%clk 0:02:56]} 8. exf5 {[%clk 0:02:41]}  Nd4 {[%clk 0:02:55]} 9. Nc3 {[%clk 0:02:30]}  Nf6 {[%clk 0:02:52]} 10. Bd3 {[%clk 0:02:18]}  Bc5 {[%clk 0:02:30]} 11. Bg5 {[%clk 0:02:03]}  O-O {[%clk 0:02:21]} 12. O-O {[%clk 0:01:58]}  Be7 {[%clk 0:02:18]} 13. Bxf6 {[%clk 0:01:47]}  Bxf6 {[%clk 0:02:17]} 14. Be4 {[%clk 0:01:47]}  Qd7 {[%clk 0:02:05]} 15. Qd3 {[%clk 0:01:47]}  Rac8 {[%clk 0:02:02]} 16. Rfc1 {[%clk 0:01:44]}  Bg5 {[%clk 0:01:58]} 17. Rd1 {[%clk 0:01:38]}  b5 {[%clk 0:01:56]} 18. a3 {[%clk 0:01:37]}  Rc7 {[%clk 0:01:52]} 19. g3 {[%clk 0:01:35]}  Nb3 {[%clk 0:01:20]} 20. Rab1 {[%clk 0:01:32]}  Rfc8 {[%clk 0:01:11]} 21. f6 {[%clk 0:01:21]}  Bxf6 {[%clk 0:01:05]} 22. Bxh7+ {[%clk 0:01:19]}  Kh8 {[%clk 0:00:59]} 23. Bf5 {[%clk 0:01:19]}  Qd6 {[%clk 0:00:48]} 24. Bxc8 {[%clk 0:01:17]}  Rxc8 {[%clk 0:00:48]} 25. Nxb5 {[%clk 0:01:16]}  axb5 {[%clk 0:00:35]} 26. Qxb3 {[%clk 0:01:16]}  Rc5 {[%clk 0:00:30]} 27. Rbc1 {[%clk 0:01:15]}  e4 {[%clk 0:00:25]} 28. Rxc5 {[%clk 0:01:11]}  Qxc5 {[%clk 0:00:26]} 29. d6 {[%clk 0:01:11]}  Bd4 {[%clk 0:00:14]} 30. d7 {[%clk 0:01:07]}  Bxf2+ {[%clk 0:00:12]} 31. Kg2 {[%clk 0:01:08]}  Bg1 {[%clk 0:00:06]} 32. d8=Q+ {[%clk 0:01:04]}  Kh7 {[%clk 0:00:06]} 33. Qh4+ {[%clk 0:01:03]}  Kg6 {[%clk 0:00:05]} 34. Qxe4+ {[%clk 0:01:03]}  Kh6 {[%clk 0:00:04]} 35. Qh4+ {[%clk 0:00:58]}  Kg6 {[%clk 0:00:04]} 36. Qd3+ {[%clk 0:00:57]}  f5 {[%clk 0:00:04]} 37. Qg4+ {[%clk 0:00:56]}  Kh6 {[%clk 0:00:00]} 38. Qf4+ {[%clk 0:00:53]} 1-0

[Event "April 9 Late 2024"]
[Site "Chess.com"]
[Date "2024.04.09"]
[Round "11"]
[White "Yevchenko, Oleksandr"]
[Black "Burke, Paul"]
[Result "1-0"]
[Board "102"]
[WhiteFideId "14108267"]
[BlackFideId "2605767"]
[WhiteTitle "CM"]
[WhiteElo "2229"]
[BlackElo "1974"]
[WhiteTeam "UKR"]
[BlackTeam "CAN"]
[WhiteClock "0:00:29"]
[BlackClock "0:00:12"]
[Variant "Standard"]

1. c4 {[%clk 0:03:00]}  a6 {[%clk 0:02:59]} 2. Nc3 {[%clk 0:02:59]}  d6 {[%clk 0:02:59]} 3. e4 {[%clk 0:02:58]}  g6 {[%clk 0:02:59]} 4. Nf3 {[%clk 0:02:58]}  h6 {[%clk 0:02:59]} 5. d4 {[%clk 0:02:58]}  Nd7 {[%clk 0:02:59]} 6. Bd3 {[%clk 0:02:57]}  Bg7 {[%clk 0:02:59]} 7. O-O {[%clk 0:02:53]}  e5 {[%clk 0:02:59]} 8. Be3 {[%clk 0:02:45]}  Ne7 {[%clk 0:02:58]} 9. Rc1 {[%clk 0:02:42]}  O-O {[%clk 0:02:57]} 10. Qd2 {[%clk 0:02:27]}  Kh7 {[%clk 0:02:56]} 11. Nd5 {[%clk 0:02:27]}  c6 {[%clk 0:02:55]} 12. Nxe7 {[%clk 0:02:20]}  Qxe7 {[%clk 0:02:56]} 13. dxe5 {[%clk 0:02:03]}  dxe5 {[%clk 0:02:41]} 14. Qc2 {[%clk 0:01:40]}  b6 {[%clk 0:02:26]} 15. Nd2 {[%clk 0:01:37]}  c5 {[%clk 0:02:23]} 16. a3 {[%clk 0:01:37]}  Nf6 {[%clk 0:02:16]} 17. f3 {[%clk 0:01:34]}  Be6 {[%clk 0:02:14]} 18. Nb1 {[%clk 0:01:32]}  Nh5 {[%clk 0:02:12]} 19. Nc3 {[%clk 0:01:14]}  Nf4 {[%clk 0:02:09]} 20. Nd5 {[%clk 0:01:13]}  Bxd5 {[%clk 0:02:00]} 21. cxd5 {[%clk 0:01:10]}  Nxd3 {[%clk 0:01:45]} 22. Qxd3 {[%clk 0:01:09]}  Rfd8 {[%clk 0:01:40]} 23. b4 {[%clk 0:01:03]}  Bf8 {[%clk 0:01:11]} 24. bxc5 {[%clk 0:01:01]}  bxc5 {[%clk 0:01:11]} 25. Bxc5 {[%clk 0:00:56]}  Qxc5+ {[%clk 0:01:11]} 26. Rxc5 {[%clk 0:00:57]}  Bxc5+ {[%clk 0:01:10]} 27. Kh1 {[%clk 0:00:57]}  Rd7 {[%clk 0:00:56]} 28. Rc1 {[%clk 0:00:53]}  Bd4 {[%clk 0:00:55]} 29. h4 {[%clk 0:00:50]}  Raa7 {[%clk 0:00:55]} 30. Rc6 {[%clk 0:00:48]}  a5 {[%clk 0:00:49]} 31. h5 {[%clk 0:00:47]}  Rab7 {[%clk 0:00:45]} 32. hxg6+ {[%clk 0:00:42]}  fxg6 {[%clk 0:00:44]} 33. Qc2 {[%clk 0:00:37]}  Be3 {[%clk 0:00:31]} 34. d6 {[%clk 0:00:30]}  Bf4 {[%clk 0:00:19]} 35. Rc7 {[%clk 0:00:30]}  Kg8 {[%clk 0:00:16]} 36. Rxd7 {[%clk 0:00:29]}  Rxd7 {[%clk 0:00:12]} 37. Qc8+ {[%clk 0:00:29]} 1-0

[Event "April 9 Late 2024"]
[Site "Chess.com"]
[Date "2024.04.09"]
[Round "11"]
[White "Smirnov, Timofey"]
[Black "Gruca, Miroslav"]
[Result "0-1"]
[Board "103"]
[WhiteFideId "24176427"]
[BlackFideId "14905906"]
[WhiteTitle "FM"]
[BlackTitle "CM"]
[WhiteElo "1954"]
[BlackElo "2218"]
[WhiteTeam "RUS"]
[BlackTeam "SVK"]
[WhiteClock "0:00:00"]
[BlackClock "0:00:11"]
[Variant "Standard"]

1. e4 {[%clk 0:03:00]}  c6 {[%clk 0:02:59]} 2. d4 {[%clk 0:03:00]}  d5 {[%clk 0:02:59]} 3. exd5 {[%clk 0:03:00]}  cxd5 {[%clk 0:02:59]} 4. c4 {[%clk 0:03:00]}  Nf6 {[%clk 0:02:59]} 5. Nc3 {[%clk 0:03:00]}  Nc6 {[%clk 0:02:59]} 6. Nf3 {[%clk 0:03:00]}  a6 {[%clk 0:02:59]} 7. Be2 {[%clk 0:02:47]}  dxc4 {[%clk 0:02:44]} 8. Bxc4 {[%clk 0:02:47]}  b5 {[%clk 0:02:42]} 9. Bb3 {[%clk 0:02:31]}  Na5 {[%clk 0:02:28]} 10. O-O {[%clk 0:02:29]}  Nxb3 {[%clk 0:02:26]} 11. Qxb3 {[%clk 0:02:29]}  Bb7 {[%clk 0:02:25]} 12. Ne5 {[%clk 0:02:26]}  e6 {[%clk 0:02:22]} 13. Nxb5 {[%clk 0:02:03]}  Bd5 {[%clk 0:02:01]} 14. Qd3 {[%clk 0:01:36]}  axb5 {[%clk 0:01:57]} 15. Qxb5+ {[%clk 0:01:36]}  Nd7 {[%clk 0:01:57]} 16. Bd2 {[%clk 0:01:16]}  f6 {[%clk 0:01:55]} 17. Nc6 {[%clk 0:01:08]}  Qc7 {[%clk 0:01:05]} 18. Rac1 {[%clk 0:01:03]}  Bd6 {[%clk 0:00:59]} 19. Rfe1 {[%clk 0:00:33]}  Bxh2+ {[%clk 0:00:43]} 20. Kh1 {[%clk 0:00:29]}  Qd6 {[%clk 0:00:18]} 21. Bb4 {[%clk 0:00:13]}  Bxc6 {[%clk 0:00:17]} 22. Rxc6 {[%clk 0:00:10]}  Qxd4 {[%clk 0:00:16]} 23. Rcxe6+ {[%clk 0:00:06]}  Kf7 {[%clk 0:00:11]} 24. Re7+ {[%clk 0:00:06]}  Kg6 {[%clk 0:00:11]} 25. Qxd7 {[%clk 0:00:02]}  Qxd7 {[%clk 0:00:10]} 26. Rxd7 {[%clk 0:00:00]}  Be5 {[%clk 0:00:11]} 0-1

[Event "April 9 Late 2024"]
[Site "Chess.com"]
[Date "2024.04.09"]
[Round "11"]
[White "Playa, Marcelo"]
[Black "Antunes, Luciano Justi"]
[Result "1-0"]
[Board "104"]
[WhiteFideId "102202"]
[BlackFideId "2126893"]
[WhiteTitle "IM"]
[WhiteElo "2311"]
[BlackElo "2141"]
[WhiteTeam "ARG"]
[BlackTeam "BRA"]
[WhiteClock "0:00:24"]
[BlackClock "0:00:00"]
[Variant "Standard"]

1. e4 {[%clk 0:03:00]}  c5 {[%clk 0:02:58]} 2. Nf3 {[%clk 0:02:57]}  Nc6 {[%clk 0:02:58]} 3. d4 {[%clk 0:02:51]}  cxd4 {[%clk 0:02:58]} 4. Nxd4 {[%clk 0:02:47]}  Nf6 {[%clk 0:02:58]} 5. Nc3 {[%clk 0:02:42]}  e5 {[%clk 0:02:57]} 6. Ndb5 {[%clk 0:02:41]}  d6 {[%clk 0:02:57]} 7. Bg5 {[%clk 0:02:40]}  a6 {[%clk 0:02:57]} 8. Na3 {[%clk 0:02:32]}  b5 {[%clk 0:02:57]} 9. Nd5 {[%clk 0:02:21]}  Qa5+ {[%clk 0:02:56]} 10. Bd2 {[%clk 0:02:18]}  Qd8 {[%clk 0:02:56]} 11. Bg5 {[%clk 0:02:18]}  Qa5+ {[%clk 0:02:55]} 12. c3 {[%clk 0:02:15]}  Nxe4 {[%clk 0:02:52]} 13. Be3 {[%clk 0:02:09]}  Rb8 {[%clk 0:02:52]} 14. Bd3 {[%clk 0:02:04]}  Nc5 {[%clk 0:02:50]} 15. O-O {[%clk 0:01:56]}  Nxd3 {[%clk 0:02:42]} 16. Qxd3 {[%clk 0:01:55]}  Be6 {[%clk 0:02:32]} 17. Rad1 {[%clk 0:01:47]}  b4 {[%clk 0:02:12]} 18. Nxb4 {[%clk 0:01:22]}  Nxb4 {[%clk 0:02:10]} 19. cxb4 {[%clk 0:01:22]}  Rxb4 {[%clk 0:02:06]} 20. Bd2 {[%clk 0:01:20]}  d5 {[%clk 0:01:52]} 21. Nc2 {[%clk 0:01:18]}  Qb6 {[%clk 0:01:11]} 22. Nxb4 {[%clk 0:01:14]}  Bxb4 {[%clk 0:01:11]} 23. Bxb4 {[%clk 0:01:07]}  Qxb4 {[%clk 0:01:11]} 24. Qxa6 {[%clk 0:01:06]}  O-O {[%clk 0:01:11]} 25. b3 {[%clk 0:01:00]}  d4 {[%clk 0:01:07]} 26. Qe2 {[%clk 0:00:54]}  f6 {[%clk 0:01:02]} 27. f4 {[%clk 0:00:53]}  Qa5 {[%clk 0:00:55]} 28. fxe5 {[%clk 0:00:51]}  fxe5 {[%clk 0:00:53]} 29. Rxf8+ {[%clk 0:00:50]}  Kxf8 {[%clk 0:00:54]} 30. Re1 {[%clk 0:00:45]}  d3 {[%clk 0:00:43]} 31. Rf1+ {[%clk 0:00:43]}  Ke7 {[%clk 0:00:33]} 32. Qxd3 {[%clk 0:00:43]}  Qxa2 {[%clk 0:00:29]} 33. Qxh7 {[%clk 0:00:40]}  Qxb3 {[%clk 0:00:25]} 34. Qxg7+ {[%clk 0:00:39]}  Kd6 {[%clk 0:00:24]} 35. Qf8+ {[%clk 0:00:38]}  Kd7 {[%clk 0:00:18]} 36. h4 {[%clk 0:00:32]}  Qe3+ {[%clk 0:00:14]} 37. Qf2 {[%clk 0:00:30]}  Qxf2+ {[%clk 0:00:08]} 38. Kxf2 {[%clk 0:00:26]}  Bg4 {[%clk 0:00:05]} 39. Ke3 {[%clk 0:00:25]}  Ke6 {[%clk 0:00:00]} 40. Rf8 {[%clk 0:00:24]} 1-0

[Event "April 9 Late 2024"]
[Site "Chess.com"]
[Date "2024.04.09"]
[Round "11"]
[White "Kovacevic, Radmila"]
[Black "Mesquita, Eduardo Barbosa"]
[Result "0-1"]
[Board "105"]
[WhiteFideId "933171"]
[BlackFideId "22757163"]
[WhiteTitle "WFM"]
[WhiteElo "2122"]
[BlackElo "2289"]
[WhiteTeam "SRB"]
[BlackTeam "BRA"]
[WhiteClock "0:00:14"]
[BlackClock "0:00:35"]
[Variant "Standard"]

1. e4 {[%clk 0:03:00]}  c5 {[%clk 0:03:00]} 2. Nf3 {[%clk 0:03:00]}  d6 {[%clk 0:03:00]} 3. d4 {[%clk 0:03:00]}  cxd4 {[%clk 0:03:01]} 4. Nxd4 {[%clk 0:03:01]}  Nf6 {[%clk 0:03:02]} 5. Nc3 {[%clk 0:03:02]}  a6 {[%clk 0:03:02]} 6. Rg1 {[%clk 0:03:02]}  b5 {[%clk 0:03:02]} 7. g4 {[%clk 0:03:02]}  Bb7 {[%clk 0:03:03]} 8. Bg2 {[%clk 0:02:57]}  b4 {[%clk 0:03:02]} 9. g5 {[%clk 0:02:57]}  bxc3 {[%clk 0:02:59]} 10. gxf6 {[%clk 0:02:56]}  gxf6 {[%clk 0:02:57]} 11. bxc3 {[%clk 0:02:56]}  Nd7 {[%clk 0:02:55]} 12. Ne6 {[%clk 0:02:42]}  Qa5 {[%clk 0:02:46]} 13. Nxf8 {[%clk 0:02:31]}  Rxf8 {[%clk 0:02:44]} 14. Rb1 {[%clk 0:02:23]}  Bc6 {[%clk 0:02:33]} 15. Bd2 {[%clk 0:02:11]}  Qe5 {[%clk 0:02:31]} 16. f4 {[%clk 0:02:09]}  Qc5 {[%clk 0:02:11]} 17. Rf1 {[%clk 0:02:02]}  Rg8 {[%clk 0:02:01]} 18. Bf3 {[%clk 0:01:56]}  Bb5 {[%clk 0:01:51]} 19. Be2 {[%clk 0:01:37]}  Bc6 {[%clk 0:01:38]} 20. Bd3 {[%clk 0:01:32]}  f5 {[%clk 0:01:14]} 21. Qh5 {[%clk 0:01:28]}  fxe4 {[%clk 0:01:12]} 22. Qxh7 {[%clk 0:01:25]}  Nf6 {[%clk 0:01:10]} 23. Qxg8+ {[%clk 0:01:02]}  Nxg8 {[%clk 0:01:10]} 24. Be2 {[%clk 0:00:49]}  e3 {[%clk 0:01:09]} 25. Bc1 {[%clk 0:00:46]}  Qxc3+ {[%clk 0:01:08]} 26. Kd1 {[%clk 0:00:46]}  Nf6 {[%clk 0:01:04]} 27. Rb3 {[%clk 0:00:45]}  Qd4+ {[%clk 0:01:00]} 28. Rd3 {[%clk 0:00:45]}  Qc5 {[%clk 0:00:59]} 29. Bxe3 {[%clk 0:00:43]}  Qa5 {[%clk 0:00:57]} 30. Bd4 {[%clk 0:00:37]}  Ne4 {[%clk 0:00:51]} 31. Bf3 {[%clk 0:00:29]}  Qxa2 {[%clk 0:00:50]} 32. Rg1 {[%clk 0:00:20]}  Qb1+ {[%clk 0:00:46]} 33. Ke2 {[%clk 0:00:19]}  Qb5 {[%clk 0:00:45]} 34. Rg8+ {[%clk 0:00:18]}  Kd7 {[%clk 0:00:45]} 35. Rxa8 {[%clk 0:00:16]}  Bxa8 {[%clk 0:00:45]} 36. Ke3 {[%clk 0:00:16]}  f5 {[%clk 0:00:43]} 37. h4 {[%clk 0:00:15]}  Kc7 {[%clk 0:00:43]} 38. h5 {[%clk 0:00:16]}  e5 {[%clk 0:00:44]} 39. fxe5 {[%clk 0:00:15]}  dxe5 {[%clk 0:00:45]} 40. Bc3 {[%clk 0:00:14]}  Qc5+ {[%clk 0:00:44]} 41. Ke2 {[%clk 0:00:13]}  Qf2+ {[%clk 0:00:44]} 42. Kd1 {[%clk 0:00:12]}  Qf1+ {[%clk 0:00:41]} 43. Be1 {[%clk 0:00:12]}  Nf2+ {[%clk 0:00:39]} 44. Kd2 {[%clk 0:00:13]}  Bxf3 {[%clk 0:00:36]} 45. Rxf3 {[%clk 0:00:14]}  Ne4+ {[%clk 0:00:35]} 46. Kd1 {[%clk 0:00:14]}  Qxf3+ {[%clk 0:00:35]} 47. Kc1 {[%clk 0:00:13]}  Qe3+ {[%clk 0:00:34]} 48. Kb2 {[%clk 0:00:13]}  Qxe1 {[%clk 0:00:34]} 49. h6 {[%clk 0:00:14]}  Qc3+ {[%clk 0:00:34]} 50. Kc1 {[%clk 0:00:14]}  Nc5 {[%clk 0:00:33]} 51. h7 {[%clk 0:00:14]}  Nd3+ {[%clk 0:00:34]} 52. Kd1 {[%clk 0:00:14]}  Qe1# {[%clk 0:00:35]} 0-1